000 00249nam a22000857a 4500
008 170110b xxu||||| |||| 00| 0 eng d
100 _92293
_aRamaswamy. S
245 _aNature Quest : Environmental Education-7
260 _aNew Delhi
_bOrient Publishers
_c2007
999 _c5192
_d5192